[Event "TUR-ch U13-U18"]
[Site "Antalya"]
[Date "2020.01.20"]
[Round "2"]
[White "Tarhan, Adar"]
[Black "Aslan, Ali Efe"]
[Result "1-0"]
[WhiteElo "2038"]
[BlackElo "1459"]
[PlyCount "57"]
[EventDate "2020.01.19"]
[EventType "swiss"]
[EventRounds "11"]
[EventCountry "TUR"]
[SourceTitle "CBM 195 Extra"]
[Source "ChessBase"]
[SourceDate "2020.05.31"]
[SourceVersion "1"]
[SourceVersionDate "2020.05.31"]
[SourceQuality "1"]

1. e4 e6 2. d4 d5 3. Nd2 Be7 4. Bd3 c5 5. Ngf3 Nf6 6. exd5 Nxd5 7. Nb3 Nd7 8. c3 a6 9. 0-0 b5 10. dxc5 Nxc5 11. Bc2 Bb7 12. Qd4 Nxb3 13. axb3 0-0 14. Qe4 g6 15. c4 bxc4 16. bxc4 Nb4 17. Qxb7 Nxc2 18. Rxa6 Rxa6 19. Qxa6 Qd3 20. Qa7 Bf6 21. c5 Rc8 22. Bf4 Nd4 23. Nxd4 Bxd4 24. Bd6 Qb5 25. b4 Qxb4 26. Qd7 Rxc5 27. Qd8+ Kg7 28. Bf8+ Kg8 29. Bh6# 1-0